| 000 | 00517cam a22001931 4500 | ||
|---|---|---|---|
| 001 | d 01000105 | ||
| 003 | DLC | ||
| 005 | 20260227111148.0 | ||
| 008 | 890515m18701880ne 000 0 dut | ||
| 010 | _ad 01000105 | ||
| 035 | _a(OCoLC)23397606 | ||
| 040 |
_aDLC _cMiU _dDLC |
||
| 042 | _apremarc | ||
| 050 | 0 | 0 |
_aBR141 _b.M6 |
| 100 | 1 |
_aMoll, Willem, _d1812-1879. |
|
| 245 | 0 | 0 | _aStudiƫn en bijdragen op 't gebied der historische theologie, |
| 260 |
_aAmsterdam, _bG. L. Funke, _c1870-80. |
||
| 300 |
_a4 v. _ccm. |
||
| 999 |
_c18592 _d18592 |
||